02696cam a2200397 a 4500999001800000001001000018003000600028005001700034008004100051010001500092015001900107020002500126020002200151035002100173040004700194042000800241050002200249050002200271082002200293100003200315245009400347250001100441260004500452300003400497500001900531500004200550500081400592520056601406650006401972650004602036650003702082700003302119700005802152700007402210942001402284 c85580d322857751717304OCoLC20230109105744.0110919s2012 njua 001 0 eng  a2011039275 aGBB1749402bnb a9780470770108 (pbk.) a0470770104 (pbk.) a(OCoLC)751717304 aDLCbengcDLCdUKMGBdYDXCPdOSUdCDXdBWX apcc00aTK7874b.J65 2011 4aTK7874b.J65 201200a621.3815223bCTA1 aCarusone, Tony Chan911607010aAnalog integrated circuit design /cTony Chan Carusone, David A. Johns, Kenneth W. Martin a2nd ed aHoboken, NJ :bJohn Wiley & Sons,cc2012 axxii, 794 p. :bill. ;c25 cm aIncludes index aPrev. ed. listed under David A. Johns aMachine generated contents note: Chapter 1: Integrated Circuit Devices and ModelingChapter 2: Processing and LayoutChapter 3: Basic Current Mirrors and Single-Stage Amplifiers 123Chapter 4: Frequency Response of Electronic CircuitsChapter 5: Feedback AmplifiersChapter 6: Basic Opamp Design and CompensationChapter 7: Biasing, References, and RegulatorsChapter 8: Bipolar Devices and CircuitsChapter 9: Noise and Linearity Analysis and ModelingChapter 10: ComparatorsChapter 11: Sample-and-Holds and Translinear CircuitsChapter 12: Continuous-Time FiltersChapter 13: Discrete-Time SignalsChapter 14: Switched-Capacitor CircuitsChapter 15: Data Converter FundamentalsChapter 16: Nyquist-Rate D/A ConvertersChapter 17: Nyquist-Rate A/D ConvertersChapter 18: Oversampling ConvertersChapter 19: Phase Locked Loops a"The 2nd Edition of Analog Integrated Circuit Design focuses on more coverage about several types of circuits that have increased in importance in the past decade. Furthermore, the text is enhanced with material on CMOS IC device modeling, updated processing layout and expanded coverage to reflect technical innovations. CMOS devices and circuits have more influence in this edition as well as a reduced amount of text on BiCMOS and bipolar information. New chapters include topics on frequency response of analog ICs and basic theory of feedback amplifiers"-- 0aLinear integrated circuitsxDesign and construction9116071 0aAnalog electronic systemsxDesign9116072 0aElectronic circuit design9367121 aJohns, David,d1958-91160731 aMartin, Kenneth W.q(Kenneth William),d1952-91160741 aJohns, David,d1958-tAnalog integrated circuit design.f19979116075 2ddccBOOK